Test Cricket Nations - Sudden Death - Statistics

General Stats
  • This quiz has been taken 26 times
  • The average score is 9 of 12
Answers on the Grid
Answers color-coded by a green-red scale on the quiz's grid according to % correct below.
Australia
New Zealand
India
England
Pakistan
Sri Lanka
South Africa
West Indies
Afghanistan
Bangladesh
Zimbabwe
Ireland
United States
Canada
Scotland
Hong Kong
Netherlands
Italy
Nepal
United Arab Emirates
Papua New Guinea
Botswana
Kenya
Indonesia
Chile
Malaysia
Japan
Nigeria
Tanzania
Fiji
 
Answer Stats
Answer % Correct
Australia
93%
New Zealand
93%
Sri Lanka
93%
England
87%
Bangladesh
80%
India
80%
Pakistan
80%
South Africa
80%
West Indies
80%
Afghanistan
60%
Ireland
53%
Zimbabwe
47%
No matching quizzes found
Score Distribution
Percent of People with Each Score
Percentile by Number Answered
Your Score History
You have not taken this quiz